000 01261njm a22002777a 4500
005 20100909134034.0
007 sd ammalaaahaa
008 100830t xxu||||| |||| 00| 0 eng d
028 _aN.75035
_bHis Master's Voice
035 _aGR-01559
040 _aSED
_cSED
100 _aBhosle,Asha
_918698
245 _aMamta /
_csung by Asha Bhosle,Mohd Rafi [and] Charu Chitra; Music dtn by Roshan; Lyric by Majrooh Sultanpuri
_h[sound recording]:
246 _aममता /
260 _aDum Dum, India:
_bHis Master 's Voice
_c1966
300 _a1 sound disc [GramphoneRecording]:
_banalog,33.1/3 rpm
_c9.5 in.(MP)
_fGramphones Records
500 _aBrief Record
505 _aSide1 इन बहारो में -फ्री (In baharo mein) (Asha Bhosle,Mohd Rafi [and] Charu Chitra) Side 2 छ्पालो यु दिल में - फ्री (Chhpalo yu dil mein - free) (Lata Mangeshkar ,Hemant Kumar[and] Charu Chitra).
650 _xExperts
_zIndia
_917446
_aMotion picture music
700 _aChitra,Charu
_918760
700 _aMohd Rafi
_919134
700 _aRoshan
_919092
700 _aSultanpuri,Majrooh
_919135
942 _2ddc
_cGR
999 _c44773
_d44773